000 00720nam a22002177a 4500
999 _c20938
_d20938
003 AR-CdUCM
008 190408b ||||| |||| 00| 0 spa d
040 _aMUNICIPALIDAD PROVINCIAL DEL CUSCO
_cBIBLIOTECA MUNICIPAL DEL CUSCO
082 _aEP / 376.16 /
_bR63
100 _aRio Siutti, Sandra M. del
_924477
245 _aLa frutillas de tio Pedro :
_bPuntito, La transformación de don reloj /
260 _aMontevideo :
_bErreve.
_c2014.
300 _bIlustraciones,
_c28 cm.
500 _aTexto sin numeración de páginas. s/c.
505 _aContenido : Cuentos.
650 _aLiteratura infantil
_9588
650 _aCuentos
_9217
700 _aCotelo, Luan del
_943683
942 _2ddc
_cLIBROS
945 _arcc